00618cam a2200169Ia 4500020001500000020001500015040000800030082002700038100002200065245006900087260005800156300003300214650002200247942001000269999001700279952015200296 a1853391948 a1853392081 cDJB aINTE CHA 1993 C278 Or.1 aChambers, Robert,10aChallenging the professions :bfrontiers for rural development / aLondon :bIntermediate Technology Publications,c1993 axvi, 143 p. :bill. ;c23 cm 0aRural development cAEDBB c21290d21290 0010406INTE_CHA_1993_000000000000000_C278_OR70993232aLBCbLBCcC278d2023-05-02oINTE CHA 1993 C278 Or.pa36093r2023-05-02w2023-05-02yAEDBB